M&A tax fundamentals 2008

This annually updated book provides a comprehensive overview of documentation relevant to M&A activities as well as selected country surveys. The book begins with country chapters that present the essential legislation for each country, providing an overview of the tax consequences of mergers, a...

Descripció completa

Guardat en:
Dades bibliogràfiques
Format: Llibre
Idioma:Undetermined
Publicat: Netherlands IBFD 2008
Matèries:
Etiquetes: Afegir etiqueta
Sense etiquetes, Sigues el primer a etiquetar aquest registre!
Thư viện lưu trữ: Trung tâm Học liệu Trường Đại học Cần Thơ
LEADER 00844nam a2200193Ia 4500
001 CTU_153080
008 210402s9999 xx 000 0 und d
020 |c 66.55 
082 |a 336.2 
082 |b M425 
245 0 |a M&A tax fundamentals 2008 
245 0 |c Editor by Anuschka Bakker 
260 |a Netherlands 
260 |b IBFD 
260 |c 2008 
520 |a This annually updated book provides a comprehensive overview of documentation relevant to M&A activities as well as selected country surveys. The book begins with country chapters that present the essential legislation for each country, providing an overview of the tax consequences of mergers, acquisitions, divisions and other transactions. 
650 |a Taxation,Hệ thống thuế 
904 |i Trọng Hải 
980 |a Trung tâm Học liệu Trường Đại học Cần Thơ